Installing fire-resisting ductwork and dampers (Record no. 112263)
[ view plain ]
| 000 -LEADER | |
|---|---|
| fixed length control field | 00813cam a22002535a 4500 |
| 001 - CONTROL NUMBER | |
| control field | E152917 |
| 008 - FIXED-LENGTH DATA ELEMENTS--GENERAL INFORMATION | |
| fixed length control field | 110516s2011 xxka f 000 0 eng u |
| 020 ## - INTERNATIONAL STANDARD BOOK NUMBER | |
| International Standard Book Number | 9781848061798 |
| 035 ## - SYSTEM CONTROL NUMBER | |
| System control number | (Sirsi) u152917 |
| 041 0# - LANGUAGE CODE | |
| Language code of text/sound track or separate title | eng |
| 050 04 - LIBRARY OF CONGRESS CALL NUMBER | |
| Classification number | 696 $2 18 |
| 100 1# - MAIN ENTRY--PERSONAL NAME | |
| Personal name | Macdonald, Norman |
| 245 00 - TITLE STATEMENT | |
| Title | Installing fire-resisting ductwork and dampers |
| 260 ## - PUBLICATION, DISTRIBUTION, ETC. | |
| Place of publication, distribution, etc. | Watford |
| Name of publisher, distributor, etc. | IHS BRE |
| Date of publication, distribution, etc. | 2011 |
| 300 ## - PHYSICAL DESCRIPTION | |
| Extent | 12p. |
| Other physical details | ill. |
| Dimensions | 30cm. |
| 490 #0 - SERIES STATEMENT | |
| Series statement | BRE Good Building Guide |
| Volume/sequential designation | GBG 81 |
| 520 ## - SUMMARY, ETC. | |
| Summary, etc. | Discusses the benefits of using fire-resisting ductwork and fire dampers. Also looks at their installation, certification and maintenance. Includes references. |
| 521 ## - TARGET AUDIENCE NOTE | |
| Target audience note | Advanced |
| 590 ## - LOCAL NOTE (RLIN) | |
| Local note | KA |
| 651 #4 - SUBJECT ADDED ENTRY--GEOGRAPHIC NAME | |
| Geographic name | United Kingdom |
| Chronological subdivision | |
| 690 ## - LOCAL SUBJECT ADDED ENTRY--TOPICAL TERM (OCLC, RLIN) | |
| Topical term or geographic name as entry element | MANAGEMENT-HEALTH AND SAFETY-FIRE SAFETY |
| 700 1# - ADDED ENTRY--PERSONAL NAME | |
| Personal name | Stewart, Ian |
| 942 ## - ADDED ENTRY ELEMENTS (KOHA) | |
| Suppress in OPAC | 0 |
| Withdrawn status | Lost status | Source of classification or shelving scheme | Damaged status | Not for loan | Home library | Current library | Shelving location | Date acquired | Total Checkouts | Full call number | Barcode | Date last seen | Copy number | Price effective from | Koha item type |
|---|---|---|---|---|---|---|---|---|---|---|---|---|---|---|---|
| Dewey Decimal Classification | London | London | BRE publications | 16/05/2011 | BRE | 30075702 | 06/08/2019 | 1 | 06/08/2019 | Reference material |